书目信息 |
| 题名: |
中国共产党章程 中国共产党廉洁自律准则 中国共产党纪律处分条例 中国共产党党员权利保障条例
|
|
| 作者: | ;中国法制出版社 编 | |
| 分册: | ||
| 出版信息: | 北京 中国法制出版社 2021 |
|
| 页数: | 20, 162页 | |
| 开本: | 21cm | |
| 丛书名: | ||
| 单 册: | ||
| 中图分类: | D21 , D26 | |
| 科图分类: | ||
| 主题词: | ||
| 电子资源: | ||
| ISBN: | 978-7-5216-1527-2 | |
| 000 | 01387nam0 2200289 450 | |
| 001 | 012024000016 | |
| 005 | 20241025112106.48 | |
| 010 | @a978-7-5216-1527-2@dCNY19.00 | |
| 100 | @a20241025d2021 em y0chiy50 ea | |
| 101 | 0 | @achi |
| 102 | @aCN@b110000 | |
| 105 | @ay n 000yy | |
| 106 | @ar | |
| 200 | 1 | @a中国共产党章程 中国共产党廉洁自律准则 中国共产党纪律处分条例 中国共产党党员权利保障条例@AZhong Guo Gong Chan Dang Zhang Cheng Zhong Guo Gong Chan Dang Lian Jie Zi Lu^ Zhun Ze Zhong Guo Gong Chan Dang Ji Lu^ Chu Fen Tiao Li Zhong Guo Gong Chan Dang Dang Yuan Quan Li Bao Zhang Tiao Li@e大字条旨本 |
| 205 | @a第2版 | |
| 210 | @a北京@c中国法制出版社@d2021 | |
| 215 | @a20, 162页@d21cm | |
| 330 | @a本书收录《中国共产党章程》《中国共产党廉洁自律准则》《中国共产党纪律处分条例》以及与党员权利纪律相关的《中国共产党党员权利保障条例》。 | |
| 601 | 02 | @a中国共产党@AZhong Guo Gong Chan Dang@x党章 |
| 601 | 02 | @a中国共产党@AZhong Guo Gong Chan Dang@x廉政建设@j学习参考资料 |
| 601 | 02 | @a中国共产党@AZhong Guo Gong Chan Dang@x纪律检查@x条例 |
| 601 | 02 | @a中国共产党@AZhong Guo Gong Chan Dang@x党员@x权利@x条例 |
| 690 | @aD21@v5 | |
| 690 | @aD26@v5 | |
| 711 | 02 | @a中国法制出版社@AZhong Guo Fa Zhi Chu Ban She@4编 |
| 801 | 0 | @aCN@bAHXH@c20241025 |
| 905 | @b214161280@b214161271@b214161262@b214161253@b214161244@b214158150@b214158141@b214158132@b214158123@f9@dD21@e292=2 | |
| 中国共产党章程 中国共产党廉洁自律准则 中国共产党纪律处分条例 中国共产党党员权利保障条例:大字条旨本.-第2版.-北京:中国法制出版社,2021 |
| 20, 162页;21cm |
| ISBN 978-7-5216-1527-2:CNY19.00 |
| 本书收录《中国共产党章程》《中国共产党廉洁自律准则》《中国共产党纪律处分条例》以及与党员权利纪律相关的《中国共产党党员权利保障条例》。 |
| ● |
| 相关链接 |
|
|
|
|
正题名:中国共产党章程 中国共产党廉洁自律准则 中国共产党纪律处分条例 中国共产党党员权利保障条例
索取号:D21/292=2
 
预约/预借
| 序号 | 登录号 | 条形码 | 馆藏地/架位号 | 状态 | 备注 |
| 1 | 1415812 | 214158123 | 第一样本阅览室/ [索取号:D21/292=2] | 在馆 | |
| 2 | 1415813 | 214158132 | 第一借阅区/ [索取号:D21/292=2] | 在馆 | |
| 3 | 1415814 | 214158141 | 第一借阅区/ [索取号:D21/292=2] | 在馆 | |
| 4 | 1415815 | 214158150 | 第一借阅区/ [索取号:D21/292=2] | 在馆 | |
| 5 | 1416124 | 214161244 | 第一借阅区/ [索取号:D21/292=2] | 在馆 | |
| 6 | 1416125 | 214161253 | 第一借阅区/ [索取号:D21/292=2] | 在馆 | |
| 7 | 1416126 | 214161262 | 第一借阅区/ [索取号:D21/292=2] | 在馆 | |
| 8 | 1416127 | 214161271 | 第一借阅区/ [索取号:D21/292=2] | 在馆 | |
| 9 | 1416128 | 214161280 | 第一借阅区/ [索取号:D21/292=2] | 在馆 |